| 000 | 00504nam a22001697a 4500 | ||
|---|---|---|---|
| 003 | OSt | ||
| 005 | 20230414104322.0 | ||
| 008 | 170428b xxu||||| |||| 00| 0 eng d | ||
| 020 | _a0521564336 | ||
| 040 |
_aMMU _beng. _cMMU _dMMU |
||
| 050 | _aQC981.8 .C5C5128 1996 | ||
| 245 |
_aclimate change 1995: _bthe science of climate change/ _cedited by J. T. Houghton. |
||
| 260 |
_aCambridge: _bCambridge university Press, _c1996. |
||
| 300 | _axii,572 p.; | ||
| 650 | _aClimate change. | ||
| 942 |
_2lcc _cLOAN LOAN |
||
| 999 |
_c27308 _d27307 |
||